|
|
|
|
| LEADER |
00000naa a2200000 ar4500 |
| 001 |
vtls010439912 |
| 003 |
SK-MaSNL |
| 005 |
20260302145212.0 |
| 008 |
120801c2007 xo mr|p|||||||000 b|slo |
| 015 |
|
|
|a SNBRA2012/07
|
| 038 |
|
|
|a SNKBUCL
|
| 040 |
|
|
|a SNKBUCL$bslo$eAACR2
|e AACR2
|
| 041 |
|
|
|a slo
|b ger
|
| 044 |
|
|
|a xo
|c SK
|
| 080 |
|
|
|a 78:72/76:091.4:783.2
|x "04/14"
|2 2001
|
| 080 |
|
|
|a 091.4:783.2
|x "04/14"
|2 2001
|
| 080 |
|
|
|a 783.2:091.4
|x "04/14"
|2 2001
|
| 100 |
1 |
|
|a Urdová, Sylvia,
|d 1974-
|4 aut
|9 486378
|
| 245 |
1 |
0 |
|a Spevy prvej adventnej nedele Notovaného breviára vo fonde Štátnej vedeckej knižnice v Prešove
|c Sylvia Urdová
|
| 504 |
|
|
|a Bibliogr. odkazy
|
| 546 |
|
|
|a Res. nem.
|
| 610 |
2 |
7 |
|a Štátna vedecká knižnica v Prešove
|2 snkbucl
|9 252340
|
| 648 |
|
7 |
|a stredovek
|2 snkbucl
|9 310753
|
| 650 |
0 |
7 |
|a hudobné umenie
|2 snkbucl
|9 354305
|
| 650 |
0 |
7 |
|a notované kódexy
|2 snkbucl
|9 836968
|
| 650 |
0 |
7 |
|a antifonáre
|2 snkbucl
|9 1911
|
| 650 |
0 |
7 |
|a Notovaný breviár
|2 snkbucl
|9 836969
|
| 655 |
|
7 |
|a štúdie
|2 snkbucl
|9 57033
|
| 773 |
0 |
|
|t Hudobnohistorický výskum na Slovensku začiatkom 21. storočia I.
|d Bratislava : Stimul, 2007
|g S. 241-250.
|z 9788089236350
|
| 852 |
|
|
|a SNK
|b KIS3GCP
|
| 958 |
|
|
|a NB
|
| 958 |
|
|
|a SP
|
| 999 |
|
|
|c 1353076
|d 1355006
|